Reinforced Concrete : Fundamental Approach /

Contenido: 1) Introducción; 2) Materiales que producen el concreto; 3) Concreto; 4) Concreto reforzado; 5) Flexión de vigas; 6) Cortante y tensión diagonal en vigas; 7) Torsión; 8) Condiciones de servicio de vigas y losas en una dirección; 9) Compresión y flexión combinadas: columnas; 10) Desarrollo...

Descripció completa

Guardat en:
Dades bibliogràfiques
Autor principal: Nawy, Edward G. (autor)
Format: Llibre
Idioma:anglès
Publicat: Upper Saddle River, EUA : Pearson : Prentice-Hall, 2005, c2005
Edició:5a edición
Matèries:
Etiquetes: Afegir etiqueta
Sense etiquetes, Sigues el primer a etiquetar aquest registre!

MARC

LEADER 00000nam^a2200000^a^4500
001 000189835
005 20250521000000.0
009 20260310102429.147
020 |a 0-13-149757-X 
037 |a Acervo ITESO - Biblioteca 
041 |a ING 
082 |a 624. 18341  |b NAW 
100 |a Nawy, Edward G.  |e (autor) 
240 1 1 |a [Concreto reforzado: un enfoque básico] 
245 1 0 |a Reinforced Concrete :  |b Fundamental Approach /  |c E.G. Nawy. 
250 |a 5a edición 
264 4 |a Upper Saddle River, EUA :  |b Pearson :  |b Prentice-Hall,  |c 2005, c2005 
300 |a XVI, 824 p. 
336 |a texto  |b txt  |2 rdacontenido 
337 |a sin mediación  |b n  |2 rdamedio 
338 |a volumen  |b nc  |2 rdasoporte 
520 |a Contenido: 1) Introducción; 2) Materiales que producen el concreto; 3) Concreto; 4) Concreto reforzado; 5) Flexión de vigas; 6) Cortante y tensión diagonal en vigas; 7) Torsión; 8) Condiciones de servicio de vigas y losas en una dirección; 9) Compresión y flexión combinadas: columnas; 10) Desarrollo de la adherencia de varillas de refuerzo; 11) Diseño de losas y placas en dos direcciones; 12 Cimentaciones; 13) Estructuras continuas de concreto preesforzado; 14) Introducción al concreto pretensado; 15) Diseño de estructuras de concreto en puentes; 16) Diseño sísmico de estructuras de concreto. 
649 |a XX 
650 |a Vigas 
650 |a Concreto Preesforzado -  |x Tema Principal 
650 |a Materiales de Construcción 
650 |a Estructuras de Concreto 
650 |a Diseño Estructural 
650 |a Construcción 
650 |a Ingeniería Civil 
910 |a Fondo General 
920 |a Impresos - Libros 
930 |a Colección General 
905 |a 101 
901 |a 0500132931  |b IT1  |c ACC  |u 20250521 
902 |a https://opac.biblio.iteso.mx/vufind/Record/000189835